01329nam a2200205Ia 45000010005000000080041000050100009000460410014000550820016000692450159000852600014002443000007002585200007002656300013002726300027002856500039003127000023003517000043003745200706004171318241029s9999 xx 000 0 und d a1223 aEspañol aMAED 97-26. 0aPrincipales factores que influyen en la repitencia de los alumnos el Nivel Básico en los Centros Educativos Urbanos del Distrito Educativo 06-06 de Moca aEspaillat a86 a36 aFactores aRepetición de Cursos aAdministración de la Educación easesoraNo, Aplica eautoraMatías López, Juan Bautista aEl estudio pretendió determinar fundamentalmente los principales factores que inciden en la repitencia, en el Nivel Básico en los Centros Educativos 06-06 de Moca.Este estudio es de tipo analítico comparativo de los factores que influyen en la repitencia. El estudio se realizó en 8 Centros Educativos urbanos del Nivel Básico correspondiente al sector público. En dichos Centros Educativos existen 1,066 alumnos repitentes de los cuales se tomó una muestra de 285 estudiantes de la matrícula total.Se determinó que los principales factores que inciden en la repitencia es el escaso medio de transporte para que los alumnos puedan trasladarse a los Centros Educativos donde estudian.